000 00542cam a2200169 4500500
005 20260405001956.0
041 _afre
042 _adc
100 1 0 _aPersonne, Thomas
_eauthor
245 0 0 _aCorrespondance (Tome 4-Janvier 1880 - Décembre 1884)
260 _c2015.
500 _a12
690 _aCorrespondance
690 _aNietzsche
786 0 _nPhilosophie magazine | 88 | 4 | 2015-04-01 | p. 65-65 | 1951-1787
856 4 1 _uhttps://shs.cairn.info/magazine-philosophie-magazine-2015-4-page-65?lang=fr&redirect-ssocas=7080
999 _c2052902
_d2052902